Poor economics : (Record no. 12101)

MARC details
000 -CABECERA
campo de control de longitud fija 00833nam a2200241 4500
003 - IDENTIFICADOR DEL NÚMERO DE CONTROL
campo de control OSt
005 - FECHA Y HORA DE LA ÚLTIMA TRANSACCIÓN
campo de control 20260530113910.0
008 - DATOS DE LONGITUD FIJA--INFORMACIÓN GENERAL
campo de control de longitud fija 260421b2011 xxu |||| |||| 00| 0 eng d
020 ## - NÚMERO INTERNACIONAL ESTÁNDAR DEL LIBRO
Número Internacional Estándar del Libro 9781586487980 (empastado, cubierta dura)
040 ## - FUENTE DE LA CATALOGACIÓN
Centro catalogador/agencia de origen ICI
Lengua de catalogación spa
Centro/agencia transcriptor ICI
050 ## - SIGNATURA TOPOGRÁFICA DE LA BIBLIOTECA DEL CONGRESO
Número de clasificación HC59.7
Número de documento/Ítem B345
100 1# - ENTRADA PRINCIPAL--NOMBRE DE PERSONA
Nombre de persona Banerjee, Abhijit V.,
Término indicativo de función/relación autor
9 (RLIN) 33284
245 10 - MENCIÓN DE TÍTULO
Título Poor economics :
Resto del título a radical rethinking of the way to fight global poverty /
Mención de responsabilidad, etc. Abhijit V. Banerjee and Esther Duflo
264 ## - PRODUCCIÓN, PUBLICACIÓN, DISTRIBUCIÓN, FABRICACIÓN Y COPYRIGHT
Producción, publicación, distribución, fabricación y copyright New York :
Nombre del de productor, editor, distribuidor, fabricante PublicAffairs,
Fecha de producción, publicación, distribución, fabricación o copyright c2011
300 ## - DESCRIPCIÓN FÍSICA
Extensión xi,303 páginas
336 ## - TIPO DE CONTENIDO
Fuente rdacontent
Término de tipo de contenido texto
337 ## - TIPO DE MEDIO
Fuente rdamedia
Nombre/término del tipo de medio sin medio
338 ## - TIPO DE SOPORTE
Fuente rdacarrier
Nombre/término del tipo de soporte volumen
650 0# - PUNTO DE ACCESO ADICIONAL DE MATERIA--TÉRMINO DE MATERIA
Término de materia o nombre geográfico como elemento de entrada Asistencia económica
Subdivisión geográfica Países en desarrollo
9 (RLIN) 33285
650 0# - PUNTO DE ACCESO ADICIONAL DE MATERIA--TÉRMINO DE MATERIA
Término de materia o nombre geográfico como elemento de entrada Pobreza
Subdivisión general Prevención
9 (RLIN) 33286
700 1# - PUNTO DE ACCESO ADICIONAL--NOMBRE DE PERSONA
Nombre de persona Duflo, Esther,
Fechas asociadas al nombre 972- ,
Término indicativo de función/relación autor
9 (RLIN) 33287
942 ## - ELEMENTOS DE PUNTO DE ACCESO ADICIONAL (KOHA)
Fuente del sistema de clasificación o colocación Library of Congress Classification
Suprimir en OPAC 0
Tipo de ítem Koha

No items available.